[Event "SVK-chT2B 0708"]
[Site "Slovakia"]
[Date "2008.01.12"]
[Round "7.3"]
[White "Kroslak, Filip"]
[Black "Alexy, Peter"]
[Result "0-1"]
[WhiteElo "1584"]
[BlackElo "1934"]
[PlyCount "78"]
[EventDate "2007.10.06"]
[EventType "team-tourn"]
[EventRounds "11"]
[EventCountry "SVK"]
[SourceTitle "EXT 2010"]
[Source "ChessBase"]
[SourceDate "2010.11.25"]
[SourceVersion "1"]
[SourceVersionDate "2010.11.25"]
[SourceQuality "1"]
[WhiteTeam "Topolcianky Lokomotiva"]
[BlackTeam "Partizanske SK Neomax"]
[WhiteTeamCountry "SVK"]
[BlackTeamCountry "SVK"]

1. e4 c5 2. Nf3 e6 3. d4 cxd4 4. Nxd4 Nf6 5. f3 d5 6. Bd3 Nc6 7. Nxc6 bxc6 8. Be3 d4 9. Bf2 Bb4+ 10. c3 dxc3 11. bxc3 Be7 12. 0-0 0-0 13. Qc2 Qa5 14. Nd2 Ba6 15. Nc4 Bxc4 16. Bxc4 Bc5 17. Bb3 Rfd8 18. Rfd1 Bxf2+ 19. Kxf2 Qc5+ 20. Kf1 a5 21. Rd3 Rxd3 22. Qxd3 a4 23. Qc4 Qa3 24. Rd1 axb3 25. axb3 Rc8 26. b4 Qa4 27. Rd6 h6 28. Rxe6 Qd1+ 29. Kf2 Qd7 30. Re5 Rd8 31. Rc5 Qa7 32. Kg3 Rd2 33. Qf1 Qc7+ 34. Kh3 g6 35. Qe1 Qd7+ 36. g4 h5 37. Rg5 hxg4+ 38. fxg4 Qd3+ 39. Qg3 Nxe4 0-1